00497 a2200157 4500001000700000020000600007040001100013100002200024240006700046245006200113362000900175697002700184942000700211952010200218999001900320163526 a  cMagnum aMurad, Jose Elias10aO perfil epidemiologico do usuario de drogas em mg/brasillpor10aO perfil epidemiologico do usuario de drogas em mg/brasil0 a1899 aCIENCIAS MEDICAS SAUDE cBK 00104070a32.5b32.5d2024-06-08l0oLI.03713pMAG00007190r2024-06-08 20:36:01w2024-06-08yBK c163526d163526